000 00546nam a2200217Ia 4500
003 OSt
005 20220928141936.0
006 a|||||r|||| 00| 0
007 ta
008 220927b |||||||| |||| 00| 0 eng d
024 _a18361
037 _cTextual
040 _aSDCL
_cSDCL
_beng
041 _2eng
_aeng
082 _aO152,3N602,2, P4
100 _aMorwal Bhagwan Dass
245 0 _aBabal tere desh mein.
260 _c2004
942 _hO152,3N602,2, P4
_cTEXL
_2CC
999 _c820605
_d820605